<?xml version="1.0" encoding="UTF-8"?>
<collection xmlns="http://www.loc.gov/MARC21/slim">
 <record>
  <leader>02510nam a22004337a 4500</leader>
  <controlfield tag="001">42783</controlfield>
  <controlfield tag="003">BD-DhAAL</controlfield>
  <controlfield tag="005">20250508184132.0</controlfield>
  <controlfield tag="008">240709t2023    bg ||||| b||| 00| 0 ben d</controlfield>
  <datafield tag="020" ind1=" " ind2=" ">
   <subfield code="a">9789849778974</subfield>
  </datafield>
  <datafield tag="020" ind1=" " ind2=" ">
   <subfield code="a">9841805545</subfield>
  </datafield>
  <datafield tag="040" ind1=" " ind2=" ">
   <subfield code="a">BD-DhAAL</subfield>
   <subfield code="d">BD-DhAAL</subfield>
  </datafield>
  <datafield tag="041" ind1=" " ind2=" ">
   <subfield code="a">ben</subfield>
  </datafield>
  <datafield tag="082" ind1=" " ind2=" ">
   <subfield code="a">363.70095492</subfield>
   <subfield code="2">23</subfield>
  </datafield>
  <datafield tag="245" ind1=" " ind2=" ">
   <subfield code="a">বাঙালির পরিবেশচিন্তা.</subfield>
   <subfield code="n">তৃতীয় খণ্ড /</subfield>
   <subfield code="c">সম্পাদক, মুশফিকুর রহমান ; গ্রন্থমালা সম্পাদক, আবদুল্লাহ আবু সায়ীদ.</subfield>
  </datafield>
  <datafield tag="246" ind1=" " ind2=" ">
   <subfield code="a">Bangalir chintamulok rochona shongroho :</subfield>
   <subfield code="b">poribesh  [tritiyo khondo]</subfield>
  </datafield>
  <datafield tag="246" ind1=" " ind2=" ">
   <subfield code="a">A collection of Bengali thoughts :</subfield>
   <subfield code="b">environment [volume : 3]</subfield>
  </datafield>
  <datafield tag="264" ind1=" " ind2=" ">
   <subfield code="a">ঢাকা :</subfield>
   <subfield code="b">বিশ্বসাহিত্য কেন্দ্র,</subfield>
   <subfield code="c">২০২৩.</subfield>
  </datafield>
  <datafield tag="300" ind1=" " ind2=" ">
   <subfield code="a">২৯৪ পৃষ্ঠা ;</subfield>
   <subfield code="c">২২ সে.মি.</subfield>
  </datafield>
  <datafield tag="362" ind1=" " ind2=" ">
   <subfield code="a">Vol. 3</subfield>
  </datafield>
  <datafield tag="490" ind1=" " ind2=" ">
   <subfield code="a">বাঙালির চিন্তামূলক রচনা সংগ্রহ ;</subfield>
   <subfield code="v">৭৫</subfield>
  </datafield>
  <datafield tag="490" ind1=" " ind2=" ">
   <subfield code="a">বিশ্বসাহিত্য কেন্দ্র প্রকাশনা ;</subfield>
   <subfield code="v">৫৫৫</subfield>
  </datafield>
  <datafield tag="500" ind1=" " ind2=" ">
   <subfield code="a">প্রথম প্রকাশ.</subfield>
  </datafield>
  <datafield tag="504" ind1=" " ind2=" ">
   <subfield code="a">গ্রন্থপঞ্জিগত নির্দেশিকা অন্তর্ভুক্ত।</subfield>
  </datafield>
  <datafield tag="526" ind1=" " ind2=" ">
   <subfield code="a">AAL, RS</subfield>
  </datafield>
  <datafield tag="541" ind1=" " ind2=" ">
   <subfield code="a">Bishwo Shahitto Kendro</subfield>
   <subfield code="e">42783, 42819</subfield>
  </datafield>
  <datafield tag="650" ind1=" " ind2=" ">
   <subfield code="a">Environment policy</subfield>
   <subfield code="z">Bangladesh.</subfield>
   <subfield code="9">56615</subfield>
  </datafield>
  <datafield tag="650" ind1=" " ind2=" ">
   <subfield code="a">Climatic changes</subfield>
   <subfield code="z">Bangladesh.</subfield>
  </datafield>
  <datafield tag="650" ind1=" " ind2=" ">
   <subfield code="a">Environmental degradation</subfield>
   <subfield code="z">Bangladesh.</subfield>
   <subfield code="9">564</subfield>
  </datafield>
  <datafield tag="651" ind1=" " ind2=" ">
   <subfield code="a">Bangladesh</subfield>
   <subfield code="x">Environmental conditions.</subfield>
   <subfield code="9">568</subfield>
  </datafield>
  <datafield tag="700" ind1=" " ind2=" ">
   <subfield code="a">রহমান, মুশফিকুর.</subfield>
   <subfield code="9">56622</subfield>
  </datafield>
  <datafield tag="700" ind1=" " ind2=" ">
   <subfield code="a">সায়ীদ, আবদুল্লাহ আবু.</subfield>
  </datafield>
  <datafield tag="830" ind1=" " ind2=" ">
   <subfield code="a">বাঙালির চিন্তামূলক রচনা সংগ্রহ ;</subfield>
   <subfield code="v">৭৫</subfield>
  </datafield>
  <datafield tag="830" ind1=" " ind2=" ">
   <subfield code="a">বিশ্বসাহিত্য কেন্দ্র প্রকাশনা ;</subfield>
   <subfield code="v">৫৫৫</subfield>
  </datafield>
  <datafield tag="852" ind1=" " ind2=" ">
   <subfield code="a">Ayesha Abed Library</subfield>
   <subfield code="c">Reference Section</subfield>
  </datafield>
  <datafield tag="942" ind1=" " ind2=" ">
   <subfield code="2">ddc</subfield>
   <subfield code="c">BK</subfield>
  </datafield>
  <datafield tag="999" ind1=" " ind2=" ">
   <subfield code="c">46775</subfield>
   <subfield code="d">46775</subfield>
  </datafield>
  <datafield tag="952" ind1=" " ind2=" ">
   <subfield code="0">0</subfield>
   <subfield code="1">0</subfield>
   <subfield code="2">ddc</subfield>
   <subfield code="4">0</subfield>
   <subfield code="6">363_700954920000000_BAN</subfield>
   <subfield code="7">1</subfield>
   <subfield code="9">75776</subfield>
   <subfield code="a">SCL</subfield>
   <subfield code="b">SCL</subfield>
   <subfield code="c">REF</subfield>
   <subfield code="d">2024-07-03</subfield>
   <subfield code="e">Bishwo Shahitto Kendro</subfield>
   <subfield code="g">370.00</subfield>
   <subfield code="l">0</subfield>
   <subfield code="o">363.70095492 BAN</subfield>
   <subfield code="p">3020042819</subfield>
   <subfield code="r">2024-07-03</subfield>
   <subfield code="t">2</subfield>
   <subfield code="v">740.00</subfield>
   <subfield code="w">2024-07-03</subfield>
   <subfield code="y">BK</subfield>
  </datafield>
  <datafield tag="952" ind1=" " ind2=" ">
   <subfield code="0">0</subfield>
   <subfield code="1">0</subfield>
   <subfield code="2">ddc</subfield>
   <subfield code="4">0</subfield>
   <subfield code="6">363_700954920000000_BAN</subfield>
   <subfield code="7">1</subfield>
   <subfield code="9">75777</subfield>
   <subfield code="a">BRACUL</subfield>
   <subfield code="b">BRACUL</subfield>
   <subfield code="c">REF</subfield>
   <subfield code="d">2024-07-03</subfield>
   <subfield code="e">Bishwo Shahitto Kendro</subfield>
   <subfield code="g">370.00</subfield>
   <subfield code="l">0</subfield>
   <subfield code="o">363.70095492 BAN</subfield>
   <subfield code="p">3010042783</subfield>
   <subfield code="r">2024-07-03</subfield>
   <subfield code="t">1</subfield>
   <subfield code="v">740.00</subfield>
   <subfield code="w">2024-07-03</subfield>
   <subfield code="y">BK</subfield>
  </datafield>
 </record>
</collection>
